|
|
|
|
| LEADER |
01179nam a2200265 a 4500 |
| 001 |
10821 |
| 003 |
BD-DhAAL |
| 008 |
090810s2004 mauab b 001 0 eng d |
| 010 |
|
|
|a 2003048769
|
| 020 |
|
|
|a 0072837055 (softcover : alk. paper)
|
| 040 |
|
|
|a DLC
|c DLC
|d DLC
|d BD-DhAAL
|
| 082 |
0 |
0 |
|a 301
|2 22
|
| 100 |
1 |
|
|a Kottak, Conrad Phillip.
|9 51833
|
| 245 |
1 |
0 |
|a Anthropology :
|b the exploration of human diversity /
|c Conrad Phillip Kottak.
|
| 250 |
|
|
|a Tenth edition.
|
| 260 |
|
|
|a Boston :
|b McGraw-Hill,
|c c2004.
|
| 300 |
|
|
|a xxix, 720, [118] pages. :
|b color illustrations, color maps ;
|c 26 cm.
|
| 504 |
|
|
|a Includes bibliographical references and indexes.
|
| 541 |
1 |
|
|e 10821
|
| 650 |
|
0 |
|a Anthropology.
|9 51834
|
| 852 |
4 |
|
|a Ayesha Abed Library
|c General Stacks
|
| 942 |
|
|
|2 ddc
|c BK
|
| 999 |
|
|
|c 3401
|d 3401
|
| 952 |
|
|
|0 0
|1 0
|2 ddc
|4 0
|6 301_KOT_200400000000000
|7 0
|9 3087
|a BRACUL
|b BRACUL
|c GEN
|d 2009-09-01
|g 0.00
|l 31
|m 98
|o 301 KOT
|p 3010010821
|r 2025-05-22
|s 2025-05-18
|t 1
|w 2009-09-01
|y BK
|x No price found in the accession register
|
| 952 |
|
|
|0 0
|1 0
|2 ddc
|4 0
|6 301_KOT_200400000000000
|7 0
|9 8799
|a BRACUL
|b BRACUL
|c GEN
|d 2010-03-25
|l 23
|m 113
|o 301 KOT
|p 3010015553
|r 2023-09-07
|s 2023-06-14
|t 2
|w 2010-03-25
|y BK
|